|
|
|
|
| LEADER |
00620nab a2200181 i 4500 |
| 001 |
acta1349 |
| 005 |
20210310151209.0 |
| 008 |
161015s1994 hu o 0|| rus d |
| 022 |
|
|
|a 0237-9554
|
| 040 |
|
|
|a SZTE Egyetemi Kiadványok Repozitórium
|b hun
|
| 041 |
|
|
|a rus
|
| 100 |
1 |
|
|a Pete István
|
| 245 |
1 |
0 |
|a Imeût li parnye glagoly dviženiâ vidovuû paru
|h [elektronikus dokumentum] /
|c Pete István
|
| 260 |
|
|
|c 1994
|
| 300 |
|
|
|a 7-12
|
| 490 |
0 |
|
|a Dissertationes slavicae. sectio linguistica
|v 23
|
| 695 |
|
|
|a Nyelvtudomány
|
| 856 |
4 |
0 |
|u http://acta.bibl.u-szeged.hu/1349/1/dissert_slav_ling_023_007-012.pdf
|z Dokumentum-elérés
|